NHL Team Logo Colors - Statistics

General Stats
  • This quiz has been taken 1,624 times
    1,477 since last reset
  • The average score is 47 of 112
Answers on the Map
Answers color-coded by a green-red scale on the quiz's map according to % correct below.
 
Answer Stats
Team Answer % Correct
Anaheim Ducks Black
92%
Anaheim Ducks Gold
73%
Anaheim Ducks White
65%
Dallas Stars Victory Green
58%
Dallas Stars Black
55%
Anaheim Ducks Orange
54%
Edmonton Oilers Navy Blue
53%
Calgary Flames Red
53%
Los Angeles Kings Black
52%
Edmonton Oilers Orange
52%
Edmonton Oilers White
52%
Calgary Flames Yellow
52%
Boston Bruins Black
51%
Dallas Stars White
51%
Los Angeles Kings White
51%
Boston Bruins Gold
50%
Chicago Blackhawks Black
49%
Minnesota Wild Forest Green
49%
Boston Bruins White
49%
San Jose Sharks Black
48%
Seattle Kraken Blue ('Deep Sea Blue', 'Ice Blue' & 'Shadow Blue')
48%
Los Angeles Kings Silver
48%
Vancouver Canucks Blue
47%
St. Louis Blues Blue (Royal Blue & Navy Blue)
47%
Buffalo Sabres Royal Blue
47%
Arizona Coyotes Black
46%
Minnesota Wild Harvest Gold
45%
Dallas Stars Silver
45%
Vegas Golden Knights Gold
44%
Buffalo Sabres Gold
44%
Minnesota Wild Iron Range Red
44%
Nashville Predators Predators Gold
44%
Montreal Canadiens Red
44%
New Jersey Devils Red
44%
Vegas Golden Knights Black
43%
New Jersey Devils Black
43%
Toronto Maple Leafs Blue
43%
St. Louis Blues Gold
43%
Buffalo Sabres White
43%
Detroit Red Wings White
43%
New Jersey Devils White
43%
Minnesota Wild White (White & 'Minnesota Wheat')
43%
Chicago Blackhawks Red
42%
Detroit Red Wings Red
42%
Anaheim Ducks Silver
42%
Montreal Canadiens White
42%
Toronto Maple Leafs White
42%
Pittsburgh Penguins Black
41%
New York Rangers Blue
41%
Pittsburgh Penguins Pittsburgh Gold
41%
Arizona Coyotes Red
41%
New York Rangers Red
41%
Seattle Kraken Red Alert
41%
New York Islanders Royal Blue
41%
Tampa Bay Lightning Tampa Bay Blue
41%
St. Louis Blues White
41%
Chicago Blackhawks Yellow
41%
Carolina Hurricanes Black
40%
Philadelphia Flyers Black
40%
New York Islanders Orange
40%
Philadelphia Flyers Orange
40%
Winnipeg Jets Polar Night Blue
40%
Carolina Hurricanes Red
40%
Columbus Blue Jackets Union Blue
40%
Vancouver Canucks White
40%
Carolina Hurricanes White
40%
New York Islanders White
40%
New York Rangers White
40%
Philadelphia Flyers White
40%
Pittsburgh Penguins White
40%
Montreal Canadiens Blue
39%
Ottawa Senators Black
38%
San Jose Sharks Deep Pacific Teal
38%
Columbus Blue Jackets Goal Red
38%
Florida Panthers Red
38%
Winnipeg Jets Red (Red & Dark Red)
38%
Nashville Predators White
38%
Washington Capitals Blue
37%
Arizona Coyotes Burnt Orange
37%
Florida Panthers Navy Blue
37%
Ottawa Senators Red
37%
Washington Capitals Red
37%
Colorado Avalanche White
37%
San Jose Sharks White
37%
Columbus Blue Jackets White
37%
Washington Capitals White
37%
Colorado Avalanche Blue
36%
Colorado Avalanche Burgundy
36%
Winnipeg Jets Gray
36%
Nashville Predators Navy Blue
36%
Winnipeg Jets White
36%
Ottawa Senators Gold
35%
Carolina Hurricanes Gray
35%
Chicago Blackhawks Green
35%
Chicago Blackhawks White
35%
Ottawa Senators White
35%
San Jose Sharks Burnt Orange
34%
Florida Panthers Flat Gold
34%
Vancouver Canucks Gray
34%
Arizona Coyotes Green
34%
Vegas Golden Knights White
34%
Florida Panthers White
34%
Columbus Blue Jackets Capital Silver
33%
Arizona Coyotes Sand
33%
Vegas Golden Knights Steel Grey
32%
Colorado Avalanche Black
30%
Colorado Avalanche Silver
30%
Chicago Blackhawks Tan
26%
Chicago Blackhawks Orange
24%
Arizona Coyotes Purple
24%
Buffalo Sabres Red
24%
Chicago Blackhawks Blue
23%
No matching quizzes found
Score Distribution
Percent of People with Each Score
Percentile by Number Answered
Your Score History
You have not taken this quiz since the last reset